| 000 | 00534nmm a2200169Ia 4500 | ||
|---|---|---|---|
| 008 | 251105s9999||||xx |||||||||||||||||und|| | ||
| 020 | _a9789588366586 | ||
| 041 | _aspa | ||
| 100 | _aGutiérrez Girardot, Rafael | ||
| 245 | 0 | _aEl ensayo en lengua española en el siglo XIX | |
| 264 |
_a[Bogotá, Colombia] : _bEdiciones Unaula, _c2012 |
||
| 300 | _a128 páginas | ||
| 490 | _aCuadernos de Cultura Latinoamericana | ||
| 650 | _aLatin American literature | ||
| 856 | _uhttps://public.digitaliapublishing.com/a/19821 | ||
| 942 | _cCF | ||
| 999 |
_c96545 _d96545 |
||